| 000 | 00447nam a2200169Ia 4500 | ||
|---|---|---|---|
| 005 | 20250923144504.0 | ||
| 008 | 008 250917s9999 xx 000 0 eng d | ||
| 037 | _aTextual | ||
| 040 |
_aDSWL _beng _cDSWL |
||
| 041 |
_aeng _2eng |
||
| 084 | _qDSWL | ||
| 245 | 0 |
_aPaper no.3 1954 age tables _cby Census of India 1980 |
|
| 260 |
_aDelhi _bManager of Publications _c1954 |
||
| 300 | _a172p. | ||
| 942 | _cTEXL | ||
| 999 |
_c1439546 _d1439546 |
||